000 00805 a2200205 4500
020 _a0071409874 (alk. paper)
040 _aDLC
_bDLC
082 0 0 _a384.54/524
100 1 _aMaitra, Amit K.,
245 1 0 _aWireless spectrum management
_cAmit K. Maitra.
260 _aNew York :
_bMcGraw-Hill,
_c2004.
300 _a373 p. :
_bill. ;
_c24 cm.
440 0 _aMcGraw-Hill professional engineering.
650 0 _aWireless communication systems.
650 0 _aRadio frequency allocation.
856 4 2 _3Publisher description
_uhttp://www.loc.gov/catdir/description/mh051/2004057924.html
856 4 2 _3Contributor biographical information
_uhttp://www.loc.gov/catdir/bios/mh051/2004057924.html
856 4 2 _3Table of contents
_uhttp://www.loc.gov/catdir/toc/mh051/2004057924.html
942 _cBK
_k621.382 MAI
_2ddc
999 _c8164
_d8164